MARC details
| 000 -CABECERA |
| campo de control de longitud fija |
02060nam a2200277 a 4500 |
| 003 - IDENTIFICADOR DEL NÚMERO DE CONTROL |
| campo de control |
MX-MxUPN |
| 005 - FECHA Y HORA DE LA ÚLTIMA TRANSACCIÓN |
| campo de control |
20230317150221.0 |
| 008 - ELEMENTOS DE LONGITUD FIJA--INFORMACIÓN GENERAL |
| campo de control de longitud fija |
190704t2001 mx r 000 0 spa d |
| 020 ## - NÚMERO INTERNACIONAL NORMALIZADO PARA LIBROS |
| Número Internacional Estándar del Libro |
9683684866 |
| 035 ## - NÚMERO DE CONTROL DEL SISTEMA |
| Número de control de sistema |
UPN01000231723 |
| 040 ## - FUENTE DE LA CATALOGACIÓN |
| Centro catalogador/agencia de origen |
MX-MxUPN |
| Lengua de catalogación |
spa |
| Centro/agencia transcriptor |
MX-MxUPN |
| 041 0# - CÓDIGO DE IDIOMA |
| Código de lengua del texto/banda sonora o título independiente |
spa |
| 050 14 - SIGNATURA TOPOGRÁFICA DE LA BIBLIOTECA DEL CONGRESO |
| Número de clasificación |
PQ7109 C45 |
| Número de documento/Ítem |
C83 2001 |
| 245 00 - MENCIÓN DE TÍTULO |
| Título |
Cuarenta años del Centro de Estudios Literarios : |
| Resto del título |
memoria |
| 250 ## - MENCIÓN DE EDICIÓN |
| Mención de edición |
Primera edición. |
| 260 ## - PUBLICACIÓN, DISTRIBUCIÓN, ETC. |
| Lugar de publicación, distribución, etc. |
México, D.F. : |
| Nombre del editor, distribuidor, etc. |
Universidad Nacional Autónoma de México, Instituto de Investigaciones Filológicas, |
| Fecha de publicación, distribución, etc. |
©2001. |
| 300 ## - DESCRIPCIÓN FÍSICA |
| Extensión |
135 páginas |
| 490 0# - MENCIÓN DE SERIE |
| Mención de serie |
Ediciones especiales ; |
| Designación de volumen o secuencia |
18 |
| 505 00 - NOTA DE CONTENIDO CON FORMATO PREESTABLECIDO |
| Título |
Manuel Gutiérrez Nájera, primer modernista de Hispanoamérica / |
| Mención de responsabilidad |
Ana Elena Díaz Alejo -- |
| Título |
Mi visión del Centro de Estudios Literarios / |
| Mención de responsabilidad |
Emmanuel Carballo -- |
| Título |
Historia del Centro de Estudios Literarios / |
| Mención de responsabilidad |
Ernesto de la Torre Villar -- |
| Título |
El Centro de Estudios Literarios y su contribución al registro de la literatura colonial mexicana / |
| Mención de responsabilidad |
José Quiñones Melgoza -- |
| Título |
Las metamorfosis del estanque o la recuperación de cien años de literatura / |
| Mención de responsabilidad |
María Rosa Palazón -- |
| Título |
Contribuciones del Centro de Estudios Literarios al registro de la literatura mexicana, siglo XX / |
| Mención de responsabilidad |
Edith Negrín -- |
| Título |
La literatura latinoamericana en el Centro de Estudios Literarios / |
| Mención de responsabilidad |
Armando Pereira -- |
| Título |
La literatura y la sociedad de fin de siglo / |
| Mención de responsabilidad |
Joao Alexandre Barbosa -- |
| Información miscelánea |
Los fundadores : |
| Título |
María del Carmen Millán / |
| Mención de responsabilidad |
Aurora M. Ocampo -- |
| Título |
José María González de Mendoza. El Gnomo que yo amé / |
| Mención de responsabilidad |
María Rosa Palazón -- |
| Título |
Ernesto Mejía Sánchez / |
| Mención de responsabilidad |
Esperanza Lara Velázquez -- |
| Título |
Una flor de nomeolvides en la tumba de Rojas Garciadueñas / |
| Mención de responsabilidad |
María Rosa Palazón -- |
| Título |
Don Julio Jiménez Rueda / |
| Mención de responsabilidad |
Ana Elena Díaz Alejo. |
| 610 24 - ASIENTO SECUNDARIO DE MATERIA - NOMBRE CORPORATIVO |
| Nombre de entidad corporativa o nombre de jurisdicción como elemento de entrada |
Universidad Nacional Autónoma de México. |
| Unidad subordinada |
Centro de Estudios Literarios |
| Subdivisión general |
Historia |
| 9 (RLIN) |
48397 |
| 650 #4 - ASIENTO SECUNDARIO DE MATERIA - TERMINO TEMATICO |
| Término de materia o nombre geográfico como elemento de entrada |
Literatura mexicana |
| Subdivisión cronológica |
Siglo XX |
| 9 (RLIN) |
5344 |
| 700 1# - ASIENTO SECUNDARIO--NOMBRE DE PERSONAL |
| Nombre de persona |
Ruedas de la Serna, Jorge A. |
| 9 (RLIN) |
48395 |
| Término indicativo de función/relación |
coordinación |
| 902 ## - ELEMENTOS DE DATOS B LOCAL, LDB (RLIN) |
| Creó |
Víctor Ruiz/170323 |
| 942 ## - ELEMENTOS DE PUNTO DE ACCESO ADICIONAL (KOHA) |
| Fuente del sistema de clasificación o colocación |
Library of Congress Classification |
| Tipo de ítem Koha |
Libro |